000 01201nam a22002777a 4500
001 BD-DhSAU 9278
003 BD-DhSAU
005 20260202105419.0
008 150613b2018 bg a|||| m||| 00| 0 eng d
040 _aBD-DhSAU
082 _222
_a634.9
_bM3185
100 _aAKTHER, MANSURA
_eRegistration # 18-08461
245 _aRole of calcium oxide nanoparticles on the growth, physiology, yield and fruit quality of tomato (solanum lycopersicum l.) under saline conditions /
_bMS thesis
260 _aSher-e-Bangla Agricultural University :
_bDepartment of Agroforestry and environmental science,
_c2024.
300 _axiv, 84p. :
_bill. ;
_c30 cm.
500 _aMS thesis of Department of agroforestry and environmental science, Faculty of Agriculture, Sher-e-Bangla Agricultural University, Dhaka, Bangladesh
504 _aIncludes bibliographical reference.
590 _aNazmul
650 _acalcium oxide nanoparticles
650 _afruit quality of tomato (solanum lycopersicum l.)
651 _asaline conditions
700 _aProf. Dr. Jubayer-Al-Mahmud
_eSuperviser
700 _aAsscio. Prof. Md. Golam Jilani Helal
_eCo-superviser
942 _2ddc
_cTHESIS
999 _c18252
_d18251